000 00688nam a2200265Ia 4500
005 20260302115923.0
008 008 260114s9999 xx 000 0 eng d
020 _a9781509936595
037 _aTextbook
040 _aCRL
040 _beng
040 _cCRL
041 _2eng
041 _aeng
084 _qCRL
100 _aMartin Hardie
_91123077
245 0 _aGoverning the Society of Competition Cycling, Doping and the Law
260 _bBloomsbury
260 _bHart Publishing
260 _c2020
650 _aLaw
856 _uhttps://doi.org/10.5040/9781509936595?locatt=label:secondary_bloomsburyCollections
942 _cEBOOK
999 _c1687923
_d1687923